00258nam a22000977a 4500020001800000082001100018100001500029245006400044260004300108300000900151 a9787119114729 a299.51 aYE XIAOWEN aPluralism and harmony in the religions of ChinacYE XIAOWEN aBeijingbForeign Languages Pressc2018 a290p